[Event "Northwest-ch Seniors"]
[Site "Kirishi"]
[Date "2009.01.22"]
[Round "7"]
[White "Semenov, Vladimir"]
[Black "Chembaev, Evgeny"]
[Result "1-0"]
[WhiteElo "2038"]
[BlackElo "2186"]
[PlyCount "95"]
[EventDate "2009.01.16"]
[EventType "swiss"]
[EventRounds "9"]
[EventCountry "RUS"]
[SourceTitle "EXT 2010"]
[Source "ChessBase"]
[SourceDate "2010.11.25"]
[SourceVersion "1"]
[SourceVersionDate "2010.11.25"]
[SourceQuality "1"]

1. d4 Nf6 2. Nf3 e6 3. c4 d5 4. Nc3 Be7 5. cxd5 exd5 6. Bg5 h6 7. Bh4 0-0 8. Qc2 c6 9. e3 Nbd7 10. Bd3 Ne8 11. Bg3 Bd6 12. Rb1 a5 13. a3 Qe7 14. 0-0 Bxg3 15. hxg3 Nef6 16. Rfe1 Qd6 17. b4 axb4 18. axb4 b5 19. e4 dxe4 20. Nxe4 Nxe4 21. Bxe4 Bb7 22. Ne5 Nf6 23. Qc5 Nxe4 24. Rxe4 Qxc5 25. dxc5 Rfd8 26. Rbe1 Rab8 27. f4 Kf8 28. f5 Rd5 29. g4 Kg8 30. Nf3 Rd7 31. Re8+ Rxe8 32. Rxe8+ Kh7 33. Ne5 Rc7 34. Rf8 g5 35. Rxf7+ Rxf7 36. Nxf7 Bc8 37. Ne5 h5 38. Nxc6 hxg4 39. Nd4 Kg7 40. Nxb5 Bxf5 41. Nd6 Bd7 42. b5 Kf6 43. c6 Be6 44. c7 Ke7 45. c8Q Bxc8 46. Nxc8+ Kd7 47. Nb6+ Kd6 48. Nc4+ 1-0

[Event "RUS-ch Seniors"]
[Site "Odintsovo"]
[Date "2008.10.10"]
[Round "8"]
[White "Chembaev, Evgeny"]
[Black "Gumerov, Renant"]
[Result "1/2-1/2"]
[WhiteElo "2155"]
[BlackElo "2230"]
[PlyCount "120"]
[EventDate "2008.10.02"]
[EventType "swiss"]
[EventRounds "9"]
[EventCountry "RUS"]
[SourceTitle "CBM 127 Extra"]
[Source "ChessBase"]
[SourceDate "2009.01.08"]
[SourceVersion "2"]
[SourceVersionDate "2009.01.28"]
[SourceQuality "1"]

1. d4 e6 2. c4 f5 3. g3 d5 4. Bg2 c6 5. Nf3 Bd6 6. 0-0 Nd7 7. b3 Qf6 8. Bg5 Qf8 9. Bf4 h6 10. Bxd6 Qxd6 11. cxd5 exd5 12. e3 g5 13. Nc3 Ne7 14. Ne1 h5 15. h3 Nf6 16. Nd3 h4 17. gxh4 Rxh4 18. Qe1 Ng6 19. f4 Ne4 20. fxg5 Nxc3 21. Qxc3 Qg3 22. Qe1 Rxh3 23. Qxg3 Rxg3 24. Kf2 Rxg5 25. Rh1 Bd7 26. Rh7 Nf8 27. Rh8 0-0-0 28. Ne5 Ne6 29. Rxd8+ Nxd8 30. Rh1 Rg7 31. Rh5 Be6 32. Bh3 Rg8 33. Rh6 Kc7 34. b4 Kb6 35. Bf1 a5 36. a3 axb4 37. axb4 Bc8 38. b5 Ne6 39. bxc6 bxc6 40. Bh3 Nd8 41. Rf6 Kb5 42. Bf1+ Kb6 43. Bd3 Re8 44. Bxf5 Bxf5 45. Rxf5 Kb5 46. Ke2 Nb7 47. Rf1 Kb6 48. Rf6 Nd8 49. Nd7+ Kc7 50. Nc5 Re7 51. Kd3 Nf7 52. Rg6 Kb6 53. Na4+ Kc7 54. Nc5 Nh8 55. Rg7 Nf7 56. Kd2 Kb6 57. Rg6 Kb5 58. Ke2 Ra7 59. Nd3 Ra2+ 60. Kf3 Ra3 1/2-1/2

[Event "RUS-ch Seniors"]
[Site "Odintsovo"]
[Date "2008.10.09"]
[Round "7"]
[White "Dommes, Vladimir M"]
[Black "Chembaev, Evgeny"]
[Result "1/2-1/2"]
[WhiteElo "2264"]
[BlackElo "2155"]
[PlyCount "87"]
[EventDate "2008.10.02"]
[EventType "swiss"]
[EventRounds "9"]
[EventCountry "RUS"]
[SourceTitle "CBM 127 Extra"]
[Source "ChessBase"]
[SourceDate "2009.01.08"]
[SourceVersion "2"]
[SourceVersionDate "2009.01.28"]
[SourceQuality "1"]

1. d4 Nf6 2. c4 g6 3. Nc3 Bg7 4. e4 0-0 5. Nf3 d6 6. Be2 c5 7. d5 e6 8. 0-0 Re8 9. Nd2 e5 10. a3 Kh8 11. b4 b6 12. Nb3 Ng8 13. Rb1 Na6 14. bxc5 dxc5 15. Qc2 Nc7 16. f4 Rf8 17. f5 Ne8 18. fxg6 fxg6 19. Be3 Rxf1+ 20. Rxf1 Ba6 21. Nd2 Nd6 22. Qa4 Qc8 23. h3 Qb7 24. Rb1 Bh6 25. Bxh6 Nxh6 26. Nb3 Qc8 27. Nc1 Kg7 28. Nb3 Kh8 29. Nd2 Qb7 30. Rf1 Kg7 31. Qc2 Qe7 32. a4 Nb7 33. Nb3 Nd6 34. Nd1 Qh4 35. Bd3 Ng8 36. Qe2 Nf6 37. Nd2 Nh5 38. Qf2 Qf4 39. Qe1 Qg5 40. Nf3 Qe7 41. g3 Re8 42. Ne3 Bc8 43. Kh2 Nf6 44. Qd1 1/2-1/2

[Event "Northwest-ch Seniors"]
[Site "Petrozavodsk"]
[Date "2008.01.28"]
[Round "8"]
[White "Yakkimaienen, Vjaino"]
[Black "Chembaev, Evgeny"]
[Result "1/2-1/2"]
[WhiteElo "2294"]
[BlackElo "2155"]
[PlyCount "59"]
[EventDate "2008.01.21"]
[EventType "swiss"]
[EventRounds "9"]
[EventCountry "RUS"]
[SourceTitle "EXT 2010"]
[Source "ChessBase"]
[SourceDate "2010.11.25"]
[SourceVersion "1"]
[SourceVersionDate "2010.11.25"]
[SourceQuality "1"]

1. e4 e6 2. Nf3 d5 3. Nc3 Nf6 4. e5 Nfd7 5. d4 c5 6. Bb5 a6 7. Bxd7+ Bxd7 8. 0-0 Nc6 9. Ne2 cxd4 10. Nexd4 Qc7 11. Re1 h6 12. c3 g5 13. h3 Bg7 14. Qe2 Ne7 15. Nh2 Ng6 16. Ng4 0-0-0 17. b3 Qxc3 18. Bb2 Qb4 19. Rac1+ Kb8 20. Bc3 Qb6 21. Qd2 Rc8 22. Ba5 Qa7 23. Qb4 Ka8 24. Qd6 Bc6 25. Nxc6 bxc6 26. Rxc6 Rxc6 27. Qxc6+ Qb7 28. Rc1 Rb8 29. Qxb7+ Rxb7 30. Rc8+ 1/2-1/2